MARC details
| 000 -LEADER |
| fixed length control field |
01802cam a2200445 a 4500 |
| 001 - CONTROL NUMBER |
| control field |
15205682 |
| 003 - CONTROL NUMBER IDENTIFIER |
| control field |
GZU |
| 005 - DATE AND TIME OF LATEST TRANSACTION |
| control field |
20210426122123.0 |
| 008 - FIXED-LENGTH DATA ELEMENTS--GENERAL INFORMATION |
| fixed length control field |
080305m20052008rh a 000 0 eng |
| 010 ## - LIBRARY OF CONGRESS CONTROL NUMBER |
| LC control number |
2008315053 |
| 020 ## - INTERNATIONAL STANDARD BOOK NUMBER |
| International Standard Book Number |
0797430555 ([bk. 1]) |
| 020 ## - INTERNATIONAL STANDARD BOOK NUMBER |
| International Standard Book Number |
9780797437166 (bk. 2) |
| 020 ## - INTERNATIONAL STANDARD BOOK NUMBER |
| International Standard Book Number |
9780797438194 (bk. 3) |
| 020 ## - INTERNATIONAL STANDARD BOOK NUMBER |
| International Standard Book Number |
9780797445741 (bk. 4) |
| 040 ## - CATALOGING SOURCE |
| Original cataloging agency |
DLC |
| Transcribing agency |
DLC |
| Modifying agency |
DLC |
| 041 0# - LANGUAGE CODE |
| Language code of text/sound track or separate title |
eng |
| -- |
sna |
| 042 ## - AUTHENTICATION CODE |
| Authentication code |
pcc |
| -- |
lcode |
| 043 ## - GEOGRAPHIC AREA CODE |
| Geographic area code |
f-rh--- |
| 050 00 - LIBRARY OF CONGRESS CALL NUMBER |
| Classification number |
HQ799.Z55 |
| Item number |
SIY 2005 |
| 100 1# - MAIN ENTRY--PERSONAL NAME |
| Personal name |
Siyachitema, Rose. |
| Relator term |
author |
| 245 10 - TITLE STATEMENT |
| Title |
Mbuya nemuzukuru : |
| Remainder of title |
a girl's journey to adolescence in Zimbabwe / |
| Statement of responsibility, etc. |
by Rose Siyachitema. |
| 246 31 - VARYING FORM OF TITLE |
| Title proper/short title |
Girl's journey to adolescence in Zimbabwe |
| 246 1# - VARYING FORM OF TITLE |
| Display text |
Book 3 and 4 have additional title: |
| Title proper/short title |
Rungano rwekuwanikwa kwemwanasikana muZimbabwe |
| 260 ## - PUBLICATION, DISTRIBUTION, ETC. |
| Place of publication, distribution, etc. |
Gweru, Zimbabwe : |
| Name of publisher, distributor, etc. |
Galaxy of Arts Publications, |
| Date of publication, distribution, etc. |
2005 -<2011> |
| 300 ## - PHYSICAL DESCRIPTION |
| Extent |
v. <1-4> : |
| Other physical details |
ill. ; |
| Dimensions |
21 cm. |
| 490 0# - SERIES STATEMENT |
| Series statement |
Reviving African culture for today's women |
| 500 ## - GENERAL NOTE |
| General note |
Book <2-4> published: Gweru, Zimbabwe : B H Publications. |
| 505 1# - FORMATTED CONTENTS NOTE |
| Formatted contents note |
First book is unnumbered. |
| 546 ## - LANGUAGE NOTE |
| Language note |
English and Shona. |
| 650 #0 - SUBJECT ADDED ENTRY--TOPICAL TERM |
| Topical term or geographic name entry element |
Teenage girls |
| Geographic subdivision |
Zimbabwe. |
| 650 #0 - SUBJECT ADDED ENTRY--TOPICAL TERM |
| Topical term or geographic name entry element |
Adolescence |
| Geographic subdivision |
Zimbabwe. |
| 650 #0 - SUBJECT ADDED ENTRY--TOPICAL TERM |
| Topical term or geographic name entry element |
Puberty |
| Geographic subdivision |
Zimbabwe. |
| 651 #0 - SUBJECT ADDED ENTRY--GEOGRAPHIC NAME |
| Geographic name |
Zimbabwe |
| General subdivision |
Social life and customs. |
| 906 ## - LOCAL DATA ELEMENT F, LDF (RLIN) |
| a |
7 |
| b |
cbc |
| c |
origode |
| d |
3 |
| e |
ncip |
| f |
20 |
| g |
y-gencatlg |
| 942 ## - ADDED ENTRY ELEMENTS (KOHA) |
| Source of classification or shelving scheme |
Library of Congress Classification |
| Koha item type |
Books |
| Classification part |
799.Z55 |
| Item part |
SIY |
| Call number prefix |
HQ |